<?xml version="1.0" encoding="UTF-8"?>
<record
    xmlns:xsi="http://www.w3.org/2001/XMLSchema-instance"
    xsi:schemaLocation="http://www.loc.gov/MARC21/slim http://www.loc.gov/standards/marcxml/schema/MARC21slim.xsd"
    xmlns="http://www.loc.gov/MARC21/slim">

  <leader>01079cam a2200337 i 4500</leader>
  <controlfield tag="001">005180419</controlfield>
  <controlfield tag="003">YEEZEN</controlfield>
  <controlfield tag="005">20241029103221.0</controlfield>
  <controlfield tag="008">240515s2023    ch a   g      000 0 chi d</controlfield>
  <datafield tag="020" ind1=" " ind2=" ">
    <subfield code="a">9786267388013</subfield>
    <subfield code="q">(&#x5E73;&#x88DD;) :</subfield>
    <subfield code="c">NT$480</subfield>
  </datafield>
  <datafield tag="040" ind1=" " ind2=" ">
    <subfield code="a">mcutl</subfield>
    <subfield code="b">chi</subfield>
    <subfield code="c">mcutl</subfield>
    <subfield code="d">mcutl</subfield>
    <subfield code="e">ccr</subfield>
  </datafield>
  <datafield tag="041" ind1="0" ind2=" ">
    <subfield code="a">chi</subfield>
  </datafield>
  <datafield tag="042" ind1=" " ind2=" ">
    <subfield code="a">nbic</subfield>
  </datafield>
  <datafield tag="044" ind1=" " ind2=" ">
    <subfield code="a">ch</subfield>
  </datafield>
  <datafield tag="084" ind1=" " ind2=" ">
    <subfield code="a">923.33</subfield>
    <subfield code="2">ncsclt</subfield>
  </datafield>
  <datafield tag="090" ind1=" " ind2=" ">
    <subfield code="a">923.33</subfield>
  </datafield>
  <datafield tag="100" ind1="1" ind2=" ">
    <subfield code="a">&#x674E;&#x6E05;&#x5FD7;</subfield>
  </datafield>
  <datafield tag="245" ind1="1" ind2="0">
    <subfield code="a">&#x5728;&#x81EA;&#x5DF1;&#x7684;&#x57CE;&#x5E02;&#x65C5;&#x884C; :</subfield>
    <subfield code="b">&#x90FD;&#x5E02;&#x5075;&#x63A2;&#x674E;&#x6E05;&#x5FD7;&#x53F0;&#x7063;&#x5EFA;&#x7BC9;&#x8FF7;&#x8D70; = Becoming a traveller in your own city /</subfield>
    <subfield code="c">&#x674E;&#x6E05;&#x5FD7;&#x8457;</subfield>
  </datafield>
  <datafield tag="246" ind1="1" ind2=" ">
    <subfield code="a">&#x90FD;&#x5E02;&#x5075;&#x63A2;&#x674E;&#x6E05;&#x5FD7;&#x81FA;&#x7063;&#x5EFA;&#x7BC9;&#x8FF7;&#x8D70;</subfield>
  </datafield>
  <datafield tag="246" ind1="3" ind2="0">
    <subfield code="a">&#x90FD;&#x5E02;&#x5075;&#x63A2;&#x674E;&#x6E05;&#x5FD7;&#x53F0;&#x7063;&#x5EFA;&#x7BC9;&#x8FF7;&#x8D70;</subfield>
  </datafield>
  <datafield tag="246" ind1="3" ind2="1">
    <subfield code="a">Becoming a traveller in your own city.</subfield>
  </datafield>
  <datafield tag="250" ind1=" " ind2=" ">
    <subfield code="a">&#x521D;&#x7248;</subfield>
  </datafield>
  <datafield tag="260" ind1=" " ind2=" ">
    <subfield code="a">&#x81FA;&#x5317;&#x5E02; :</subfield>
    <subfield code="b">&#x5927;&#x584A;&#x6587;&#x5316;&#x51FA;&#x7248; ;</subfield>
    <subfield code="a">&#x65B0;&#x5317;&#x5E02; :</subfield>
    <subfield code="b">&#x5927;&#x548C;&#x66F8;&#x5831;&#x7E3D;&#x7D93;&#x92B7;,</subfield>
    <subfield code="c">2023.12</subfield>
  </datafield>
  <datafield tag="300" ind1=" " ind2=" ">
    <subfield code="a">311&#x9762; :</subfield>
    <subfield code="b">&#x5F69;&#x5716; ;</subfield>
    <subfield code="c">21&#x516C;&#x5206;</subfield>
  </datafield>
  <datafield tag="490" ind1="1" ind2=" ">
    <subfield code="a">tone ;</subfield>
    <subfield code="v">46.</subfield>
  </datafield>
  <datafield tag="650" ind1=" " ind2="7">
    <subfield code="a">&#x5EFA;&#x7BC9;&#x7F8E;&#x8853;&#x8A2D;&#x8A08;</subfield>
    <subfield code="2">lcstt.</subfield>
  </datafield>
  <datafield tag="650" ind1=" " ind2="7">
    <subfield code="a">&#x5EFA;&#x7BC9;&#x53F2;</subfield>
    <subfield code="2">lcstt.</subfield>
  </datafield>
  <datafield tag="650" ind1=" " ind2="7">
    <subfield code="a">&#x81FA;&#x7063;&#x904A;&#x8A18;</subfield>
    <subfield code="2">lcstt.</subfield>
  </datafield>
  <datafield tag="830" ind1=" " ind2="0">
    <subfield code="a">tone ;</subfield>
    <subfield code="v">46.</subfield>
  </datafield>
  <datafield tag="942" ind1=" " ind2=" ">
    <subfield code="2">ccl</subfield>
    <subfield code="c">BOOK</subfield>
  </datafield>
  <datafield tag="999" ind1=" " ind2=" ">
    <subfield code="c">7614</subfield>
    <subfield code="d">7614</subfield>
  </datafield>
  <datafield tag="952" ind1=" " ind2=" ">
    <subfield code="0">0</subfield>
    <subfield code="1">0</subfield>
    <subfield code="2">ccl</subfield>
    <subfield code="4">0</subfield>
    <subfield code="7">0</subfield>
    <subfield code="a">yeezen</subfield>
    <subfield code="b">yeezen</subfield>
    <subfield code="c">YEEZEN</subfield>
    <subfield code="d">2024-10-28</subfield>
    <subfield code="l">6</subfield>
    <subfield code="m">3</subfield>
    <subfield code="o">923.33</subfield>
    <subfield code="p">C03193</subfield>
    <subfield code="r">2025-07-30 00:00:00</subfield>
    <subfield code="s">2025-07-22</subfield>
    <subfield code="w">2024-10-29</subfield>
    <subfield code="y">BOOK</subfield>
    <subfield code="z">*&#x773E;&#x6240;&#x671F;&#x5F85;![&#x5728;&#x540D;&#x5EFA;&#x7BC9;&#x88E1;&#x5403;&#x5348;&#x9910;]&#x53F0;&#x7063;&#x7248;! *&#x4EBA;&#x6C23;&#x5EFA;&#x7BC9;&#x540D;&#x5BB6;&#x9818;&#x8DEF;,&#x4E00;&#x8D77;&#x8D70;&#x53F0;&#x7063;,&#x770B;&#x898B;&#x6211;&#x5011;&#x7684;&#x5EFA;&#x7BC9;&#x4E4B;&#x7F8E; *&#x56DB;&#x5341;&#x5EA7;&#x53F0;&#x7063;&#x540D;&#x5EFA;&#x7BC9;&#x5C0F;&#x65C5;&#x884C;</subfield>
  </datafield>
</record>
